<?xml version="1.0" encoding="UTF-8"?>
<record
    xmlns:xsi="http://www.w3.org/2001/XMLSchema-instance"
    xsi:schemaLocation="http://www.loc.gov/MARC21/slim http://www.loc.gov/standards/marcxml/schema/MARC21slim.xsd"
    xmlns="http://www.loc.gov/MARC21/slim">

  <leader>01681pab a2200169 454500</leader>
  <controlfield tag="008">180718b2018   xxu||||| |||| 00| 0 eng d</controlfield>
  <datafield tag="100" ind1=" " ind2=" ">
    <subfield code="a">Koppenjan, Joop </subfield>
  </datafield>
  <datafield tag="245" ind1=" " ind2=" ">
    <subfield code="a">The introduction of public private partnerships in the Netherlands as a case of institutional bricolage: the evolution of an Anglo-Saxon transplant in a Rhineland context</subfield>
  </datafield>
  <datafield tag="260" ind1=" " ind2=" ">
    <subfield code="c">2018</subfield>
  </datafield>
  <datafield tag="300" ind1=" " ind2=" ">
    <subfield code="a">p.171-184.</subfield>
  </datafield>
  <datafield tag="520" ind1=" " ind2=" ">
    <subfield code="a">In this contribution, the introduction of contractual public?private partnerships (PPPs) in the Netherlands, more specifically the use of Design, Build, Finance, Maintenance, and Operations (DBFMO) contracts in Dutch infrastructure management, is analysed using a specific strand within the policy transfer and institutional transplantation literature: that of ?institutional bricolage?. This perspective states that policy transplants come to fit their new institutional context stepwise. This contribution reconstructs the adoption process by which the Anglo-Saxon-inspired PPP practice is incorporated into the traditional ?Rhinelandic? practice of infrastructure management in the Netherlands, identifying four waves of PPP initiatives. It concludes that these waves and the difficulties that emerge in them stem from an ongoing struggle between actor coalitions, one aiming to preserve the transplant in its original shape, and others making attempts at bricolage. Shifts in power relations explain the progress and outcomes of the process of institutional transplantation. - Reproduced.</subfield>
  </datafield>
  <datafield tag="650" ind1=" " ind2=" ">
    <subfield code="a">Public private partnership - Netherlands</subfield>
  </datafield>
  <datafield tag="650" ind1=" " ind2=" ">
    <subfield code="a">Public private partnership</subfield>
  </datafield>
  <datafield tag="700" ind1=" " ind2=" ">
    <subfield code="a">Jong,  Martin de </subfield>
  </datafield>
  <datafield tag="773" ind1=" " ind2=" ">
    <subfield code="a">Public Administration</subfield>
  </datafield>
  <datafield tag="909" ind1=" " ind2=" ">
    <subfield code="a">117047</subfield>
  </datafield>
  <datafield tag="999" ind1=" " ind2=" ">
    <subfield code="c">117041</subfield>
    <subfield code="d">117041</subfield>
  </datafield>
  <datafield tag="952" ind1=" " ind2=" ">
    <subfield code="0">0</subfield>
    <subfield code="1">0</subfield>
    <subfield code="4">0</subfield>
    <subfield code="7">0</subfield>
    <subfield code="a">IIPA</subfield>
    <subfield code="b">IIPA</subfield>
    <subfield code="d">2018-07-19</subfield>
    <subfield code="h">Volume no: 96, Issue no: 1</subfield>
    <subfield code="p">AR117507</subfield>
    <subfield code="r">2018-07-19</subfield>
    <subfield code="w">2018-07-19</subfield>
    <subfield code="y">AR</subfield>
  </datafield>
</record>
